| 000 | 00665nam a2200229 4500 | ||
|---|---|---|---|
| 003 | OSt | ||
| 005 | 20240605015531.0 | ||
| 006 | a | ||
| 008 | 240605b |||||||| |||| 00| 0 eng d | ||
| 020 | _a9789712348754 | ||
| 040 |
_aDWCL-Main lib. _cOC |
||
| 082 |
_2Revised edition _aFil. 301 P163i 2007 |
||
| 100 | _aPALISPIS, EPITACIO S. | ||
| 245 | _aIntroduction to sociology and anthropology / | ||
| 250 | _aRevised edition | ||
| 260 |
_aManila : _bRex Book Store, Inc., _cc2007. |
||
| 300 |
_avi, _b497 p. ; _c22 cm. |
||
| 650 | _a1. Sociology | ||
| 650 | _a 2. Anthropology | ||
| 700 | _aEPITACIO S. PALISPIS | ||
| 942 |
_2ddc _n0 _cBK - FIL _eRevised edition _kFil. |
||
| 999 |
_c163 _d163 |
||